Tsushima gyogyōshi /

Saved in:
Bibliographic Details
Main Author: Miyamoto, Tsuneichi, 1907-1981.
Format: Book
Language:Japanese
Published: Tōkyō : Miraisha, 1983.
Series:Miyamoto, Tsuneichi, 1907-1981. Nihon minshūshi ; 1967 ; 28.
Subjects:
Tags: Add Tag
No Tags, Be the first to tag this record!
LEADER 01235nam a2200325 a 4500
001 007714965-3
005 20024617115255.0
008 841204s1983 ja af 000 0 jpnr
010 |a 84177327 /AJ 
020 |c Y2800 
035 0 |a ocm13770982 
040 |a DLC  |c DLC  |d OCoLC  |d *YNH*  |d CStRLIN 
043 |a a-ja--- 
050 0 |a DS821  |b .M617 1967 vol. 28  |a [SH302.T79] 
100 1 |6 880-01  |a Miyamoto, Tsuneichi,  |d 1907-1981. 
245 1 0 |6 880-02  |a Tsushima gyogyōshi /  |c [chosha Miyamoto Tsuneichi] 
260 |6 880-03  |a Tōkyō :  |b Miraisha,  |c 1983. 
300 |a 383 p., [1] leaf of plates :  |b ill. ;  |c 19 cm. 
490 1 |6 880-04  |a Miyamoto Tsuneichi chosakushū ;  |v 28 
650 0 |a Fisheries  |z Japan  |z Tsushima Island  |x History. 
650 0 |a Fishing villages  |z Japan  |z Tsushima Island  |x History. 
651 0 |a Tsushima Island (Japan)  |x History. 
880 1 |6 100-01  |a 宮本常一,  |d 1907- 
880 1 0 |6 245-02  |a 対馬漁業史 /  |c [著者宮本常一] 
880 |6 260-03  |a 東京 :  |b 未来社,  |c 1983. 
880 1 |6 490-04  |a 宮本常一著作集 ;  |v 28 
800 1 |6 880-05  |a Miyamoto, Tsuneichi,  |d 1907-1981.  |t Nihon minshūshi ;  |f 1967 ;  |v 28. 
880 1 |6 800-05  |a 宮本常一,  |d 1907-  |t Works.  |f 1967 ;  |v 28. 
988 |a 20021127 
906 |0 DLC